MARC

LEADER 00000nam0a2200000 4500
001 364517
005 20231102011709.0
035 |a (RuTPU)RU\TPU\retro\21875 
090 |a 364517 
100 |a 20211117d1981 km y0rusy50 ca 
101 0 |a rus 
102 |a RU 
105 |a af g 001zy 
200 1 |a Условные обозначения для горной графической документации  |e справочник  |f Всесоюзный научно-исследовательский институт горной механики им. М. М. Федорова 
210 |a Москва  |c Недра  |d 1981 
215 |a 307 с.  |c ил.  |e Прилож. : 1 вкл. л. 
320 |a Алф. указ.: с. 10-21 
606 1 |a Маркшейдерские работы  |x Документация  |x Графический метод  |2 stltpush  |3 (RuTPU)RU\TPU\subj\41064  |9 60883 
610 1 |a справочники 
610 1 |a графическая документация 
610 1 |a маркшейдерия 
610 1 |a маркшейдерская документация 
610 1 |a условные обозначения 
675 |a 622.1:528.4(035)  |v 4 
712 0 2 |a Всесоюзный научно-исследовательский институт горной геомеханики и маркшейдерского дела  |c (Ленинград)  |c (1963-1992)  |2 stltpush  |3 (RuTPU)RU\TPU\col\12156  |9 25342 
801 1 |a RU  |b 63413507  |c 20211117 
801 2 |a RU  |b 63413507  |c 20211118  |g RCR 
942 |c BK